banner koha

Levantamento preliminar da infeccao pelo virus da leucemia linfatica cronica (L.L.C.)dos bovinos no estado de Sao Paulo [Bos taurus; Brasil] (Registro n. 103739)

MARC details
000 -LÍDER
campo de controle de tamanho fixo 01023nas a2200301 4500
001 - NÚMERO DE CONTROLE
campo de controle BR8001311
003 - IDENTIFICADOR DO NÚMERO DE CONTROLE
campo de controle BR-BrBNA
005 - DATA E HORÁRIO DA ÚLTIMA TRANSAÇÃO
campo de controle 20231205084211.0
007 - CAMPO FIXO DE DESCRIÇÃO FÍSICA--INFORMAÇÃO GERAL
campo de controle de tamanho fixo ta
008 - CAMPO DE DADOS FIXOS--INFORMAÇÃO GERAL
campo de controle de tamanho fixo 230509b bl.|||p| |||| 00| 00por d
040 ## - FONTE DA CATALOGAÇÃO
Instituição da catalogação original BR-BrBNA
Idioma da catalogação por
Instituição que transcreveu o registro Biblioteca Nacional de Agricultura
041 ## - CÓDIGO DE IDIOMA
Código do idioma do texto/trilha sonora ou título diferente (Pt)
072 ## - CÓDIGO DE CATEGORIA DE ASSUNTO
Código de Categoria de Assunto L73
100 1# - ENTRADA PRINCIPAL--NOME PESSOAL
Nome pessoal Alencar Filho, R.A.
100 1# - ENTRADA PRINCIPAL--NOME PESSOAL
Nome pessoal Mazanti, M.T.
100 1# - ENTRADA PRINCIPAL--NOME PESSOAL
Nome pessoal Saad, A.D.
100 1# - ENTRADA PRINCIPAL--NOME PESSOAL
Nome pessoal Pohl, R.
245 1# - TÍTULO
Título Levantamento preliminar da infeccao pelo virus da leucemia linfatica cronica (L.L.C.)dos bovinos no estado de Sao Paulo [Bos taurus; Brasil]
246 1# - FORMA VARIANTE DO TÍTULO
Título/título abreviado [Preliminary survey of infection caused by the virus of chronic lymphatic leukemia in the state of Sao Paulo [Bos taurus; Brazil]]
650 ## - ASSUNTO--TERMO TÓPICO
Cabeçalho tópico ou nome geográfico Doenca animal
650 ## - ASSUNTO--TERMO TÓPICO
Cabeçalho tópico ou nome geográfico Bovino
650 ## - ASSUNTO--TERMO TÓPICO
Cabeçalho tópico ou nome geográfico Leucemia
650 ## - ASSUNTO--TERMO TÓPICO
Cabeçalho tópico ou nome geográfico Infeccao
650 ## - ASSUNTO--TERMO TÓPICO
Cabeçalho tópico ou nome geográfico Sao Paulo
773 0# - ENTRADA ANALÍTICA
Título Biologico (Brazil)
ISSN - International Standard Serial Number ISSN 0366-0567
Partes relacionadas (Mar 1979), v. 45(3-4) p. 47-54
Número de controle do registro BR8001311
909 ## -
-- 202311
-- Lúcia
-- 55
-- Lúcia Elande
942 ## - ELEMENTOS DE ENTRADA ADICIONADOS (KOHA)
Fonte da classificação ou esquema de arquivamento na estante Classificação AGRIS
Ocultar no OPAC Não
Tipo de material Koha Analítica
Exemplares
Situação do descarte Fonte da classificação ou esquema de arquivamento na estante Situação física Não pode ser emprestado Biblioteca de origem Biblioteca atual Localização na estante Enumeração do periódico / cronologia Total de empréstimos Data de último acesso Número do exemplar Tipo de material Koha Fonte de aquisição
  Classificação AGRIS   Consulta local Biblioteca Nacional de Agricultura - Binagri Biblioteca Nacional de Agricultura - Binagri   (Mar 1979), v. 45(3-4) p. 47-54   29/11/2023 01 Periódicos Portaria Interministerial nº 164/94

BINAGRI

Telefone: (61)3218-2567/2388/3357/2097 - binagri@agro.gov.br

Ministério da Agricultura e Pecuária , Esplanada dos Ministérios, Bloco D, Anexo B, Brasília/DF, CEP: 70.043-900